Creo en el Espíritu Santo

Guardado en:
Detalles Bibliográficos
Autor principal: Juan Pablo II (Autor)
Formato: Libro
Lenguaje:español
Publicado: Madrid Palabra 1997
Edición:2a. ed
Colección:Libros Palabra
Materias:
Etiquetas: Agregar Etiqueta
Sin Etiquetas, Sea el primero en etiquetar este registro!

MARC

LEADER 00000nam a2200000 a 4500
001 UCK7885
003 CL-VaPUC
008 051230e19970000SP |||||||||||||||||spa|d
020 |a 8482391089 
082 0 4 |a 268.6  |b JUA  |2 21 
100 |a Juan Pablo II  |e author  |9 309920 
245 1 0 |a Creo en el Espíritu Santo 
246 1 0 |a Catequesis sobre el Credo, 3 
250 |a 2a. ed 
300 |a 439 p 
942 |c BK 
945 |d 20051230 00:00:00  |a cmena 
260 |a Madrid  |b Palabra  |c 1997 
600 0 7 |a ESPIRITU SANTO  |2 CL-VaPUC  |9 334587 
650 0 |a Catequesis  |9 314526 
650 0 |a Credo  |9 334084 
583 |a last modification  |c 20051230 00:00:00  |k Rodrigo Vera 
490 0 |a Libros Palabra 
999 |c 315722  |d 315720 
952 |0 0  |1 0  |4 0  |6 268_600000000000000_JUA_1997  |7 0  |8 A  |9 389389  |a BIBTEO  |b BIBTEO  |d 2019-11-22  |i 3339386  |o 268.6 JUA 1997  |p 3339386  |r 2025-01-17  |w 2019-11-22  |y BK  |k ICR